|
|
|
|
| LEADER |
00000nam0a2200000 4500 |
| 001 |
1123 |
| 005 |
20231030172950.0 |
| 035 |
|
|
|a (RuTPU)RU\TPU\book\1127
|
| 035 |
|
|
|a BOOK00001128
|
| 090 |
|
|
|a 1123
|
| 100 |
|
|
|a 20011209d1995 m y0rusy50 ca
|
| 101 |
0 |
|
|a rus
|
| 102 |
|
|
|a RU
|
| 105 |
|
|
|a y j 000zy
|
| 200 |
1 |
|
|a Финансовая отчетность банка
|e Практическое руководство по организации бухгалтерского учета и составлению отчетности
|f А. М. Андросов
|
| 210 |
|
|
|a Москва
|c Менатеп-информ
|d 1995
|
| 215 |
|
|
|a 464 с.
|
| 225 |
1 |
|
|a Русская деловая литература
|
| 333 |
|
|
|a Исключено из фонда НТБ ТПУ
|
| 700 |
|
1 |
|a Андросов
|b А. М.
|g Александр Михайлович
|
| 801 |
|
0 |
|a RU
|b 63413507
|c 20011209
|g PSBO
|
| 801 |
|
2 |
|a RU
|b 63413507
|c 20170309
|g PSBO
|
| 942 |
|
|
|c BK
|